Yönetim bilimi (Record no. 43592)

MARC details
000 -LEADER
fixed length control field 00377nam a2200169Ia 4500
020 ## - INTERNATIONAL STANDARD BOOK NUMBER
ISBN 9786053950165
050 ## - CALL MARK
Classification number HD 37.T9 .Y6/
245 #0 - TITLE STATEMENT
Title Yönetim bilimi
260 ## - PUBLICATION, DISTRIBUTION, ETC. (IMPRINT)
Place of publication Ankara
260 ## - PUBLICATION, DISTRIBUTION, ETC. (IMPRINT)
Name of publisher Nobel Yayın Dağıtım
260 ## - PUBLICATION, DISTRIBUTION, ETC. (IMPRINT)
Year of publication 2007
300 ## - PHYSICAL DESCRIPTION
Number of Pages 646 p
650 ## - SUBJECT ADDED ENTRY--TOPICAL TERM
Topical Term Ankara
942 ## - ADDED ENTRY ELEMENTS (KOHA)
Koha item type Books
Holdings
Withdrawn status Lost status Source of classification or shelving scheme Damaged status Not for loan Permanent Location Current Location Shelving location Date acquired Accession Number Price effective from Koha item type
    Library of Congress Classification     NILE UNIVERSITY OF NIGERIA - MAIN LIBRARY NILE UNIVERSITY OF NIGERIA - MAIN LIBRARY Items on shelf 06/03/2025 0000216 06/03/2025 Books